000
00311 a2200109 4500
001
ART_7173
005
20260410161623.0
008
260409a
245
1
0
_a
La reforma concursal sobre cooperativas de trabajo
100
1
_a
Gebhardt, Jorge
773
0
_t
Enfoques
_g
- NÂș 7 (jul. 2011)
_w
REV416
999
_c
11700
_d
11700